LEADER 00817nam0-2200301---450- 001 990009978490403321 005 20150622110945.0 010 $a978-3-11-035025-8 035 $a000997849 035 $aFED01000997849 035 $a(Aleph)000997849FED01 035 $a000997849 100 $a20150622d2015----km-y0itay50------ba 101 0 $aeng 102 $aDE 105 $aa-------001yy 200 1 $aCluster analysis for corpus linguistics$fby Hermann Mois 210 $aBerlin ; Boston$cDe Gruyter$d2015 215 $axv, 381 p.$cill.$d24 cm 225 1 $aQuantitative linguistics$v66 676 $a410.1$v22$zita 700 1$aMois,$bHermann 801 0$aIT$bUNINA$gREICAT$2UNIMARC 901 $aBK 912 $a990009978490403321 952 $aVI E 1571$b482/2015$fFSPBC 959 $aFSPBC 997 $aUNINA LEADER 02811nam 2200613 450 001 9910463595103321 005 20200520144314.0 010 $a0-8157-2643-0 035 $a(CKB)2670000000582873 035 $a(EBL)1793980 035 $a(SSID)ssj0001405254 035 $a(PQKBManifestationID)11760220 035 $a(PQKBTitleCode)TC0001405254 035 $a(PQKBWorkID)11387168 035 $a(PQKB)11300050 035 $a(MiAaPQ)EBC1793980 035 $a(OCoLC)898063436 035 $a(MdBmJHUP)muse40158 035 $a(Au-PeEL)EBL1793980 035 $a(CaPaEBR)ebr10994719 035 $a(CaONFJC)MIL672452 035 $a(EXLCZ)992670000000582873 100 $a20141215h20152015 uy 0 101 0 $aeng 135 $aur|n|---||||| 181 $ctxt 182 $cc 183 $acr 200 10$aDevelopment projects observed /$fAlbert O. Hirschman ; foreword by Cass R. Sunstein ; afterword by Michele Alacevich 210 1$aWashington, District of Columbia :$cBrokkings Institution Press,$d2015. 210 4$dİ2015 215 $a1 online resource (227 p.) 225 0 $aThe Brookings Classic 300 $aIncludes index. 311 $a0-8157-2642-2 311 $a1-322-41170-0 320 $aIncludes bibliographical references and index. 327 $aFront Cover; Title Page; Copyright Information; Table of Contents; Albert Hirschman's Hiding Hand; Author's Preface: A Hidden Ambition; Author's Acknowledgments; Introduction; The Principle of the Hiding Hand; Uncertainties; Latitudes and Disciplines; Project Design: Trait-Taking and Trait-Making; Project Appraisal: The Centrality of Side-Effects; Albert Hirschman Observed; Index; Back Cover 330 $aOriginally published in 1967, the modest and plainly descriptive title of Development Projects Observed is deceptive. Today, it is recognized as the ultimate volume of Hirschman's groundbreaking trilogy on development, and as the bridge to the broader social science themes of his subsequent writings. Though among his lesser-known works, this unassuming tome is one of his most influential.It is in this book that Hirschman first shared his now famous ""Principle of the Hiding Hand."" In an April 2013 New Yorker issue, Malcolm Gladwell wrote an appreciation of the principle, described by Cass S 410 2$aA Brookings Classic 606 $aEconomic development projects$vCase studies 608 $aElectronic books. 615 0$aEconomic development projects 676 $a338.9 700 $aHirschman$b Albert O.$0111032 702 $aSunstein$b Cass R. 702 $aAlacevich$b Michele 801 0$bMiAaPQ 801 1$bMiAaPQ 801 2$bMiAaPQ 906 $aBOOK 912 $a9910463595103321 996 $aDevelopment projects observed$952798 997 $aUNINA